|
|
|
|
| LEADER |
03155nam a2200709 4500 |
| 001 |
ocn794164866 |
| 003 |
OCoLC |
| 005 |
20170124071747.6 |
| 006 |
m o d |
| 007 |
cr |n|---||||| |
| 008 |
120517s2012 gw ob 001 0 eng d |
| 040 |
|
|
|a MHW
|b eng
|e pn
|c MHW
|d N$T
|d E7B
|d OCLCQ
|d DEBSZ
|d COO
|d OCLCQ
|d B24X7
|d YDXCP
|d DEBBG
|d OCLCQ
|d DG1
|d CDX
|d GA0
|d OCLCQ
|d EBLCP
|d AZK
|d DG1
|d LOA
|d GrThAP
|
| 019 |
|
|
|a 794707312
|a 796087107
|a 848042517
|a 961496312
|a 962649677
|a 966111085
|
| 020 |
|
|
|a 9783527646418
|q (electronic bk.)
|
| 020 |
|
|
|a 3527646418
|q (electronic bk.)
|
| 020 |
|
|
|a 9783527410095
|
| 020 |
|
|
|a 3527410090
|
| 020 |
|
|
|a 9781280663437
|q (MyiLibrary)
|
| 020 |
|
|
|a 128066343X
|q (MyiLibrary)
|
| 020 |
|
|
|a 9783527646401
|q (ePub)
|
| 020 |
|
|
|a 352764640X
|q (ePub)
|
| 020 |
|
|
|a 9783527646395
|q (mobi)
|
| 020 |
|
|
|a 3527646396
|q (mobi)
|
| 020 |
|
|
|a 9783527646388
|q (oBook)
|
| 020 |
|
|
|a 3527646388
|q (oBook)
|
| 024 |
8 |
|
|a 9786613640369
|
| 029 |
1 |
|
|a AU@
|b 000049569160
|
| 029 |
1 |
|
|a DEBBG
|b BV041057146
|
| 029 |
1 |
|
|a DEBBG
|b BV041829427
|
| 029 |
1 |
|
|a DEBSZ
|b 372595855
|
| 029 |
1 |
|
|a DKDLA
|b 820120-katalog:000599611
|
| 029 |
1 |
|
|a GBVCP
|b 790037971
|
| 029 |
1 |
|
|a NZ1
|b 14976427
|
| 029 |
1 |
|
|a NZ1
|b 15922005
|
| 035 |
|
|
|a (OCoLC)794164866
|z (OCoLC)794707312
|z (OCoLC)796087107
|z (OCoLC)848042517
|z (OCoLC)961496312
|z (OCoLC)962649677
|z (OCoLC)966111085
|
| 037 |
|
|
|a 10.1002/9783527646388
|b Wiley InterScience
|n http://www3.interscience.wiley.com
|
| 050 |
|
4 |
|a QD941
|b .C4813 2012
|
| 072 |
|
7 |
|a SCI
|x 016000
|2 bisacsh
|
| 082 |
0 |
4 |
|a 548.9
|
| 049 |
|
|
|a MAIN
|
| 245 |
0 |
0 |
|a Nonlinear optical borate crystals :
|b principles and applications /
|c by Chuangtian Chen [and others].
|
| 264 |
|
1 |
|a Weinheim :
|b Wiley-VCH,
|c [2012]
|
| 264 |
|
4 |
|c ©2012
|
| 300 |
|
|
|a 1 online resource
|
| 336 |
|
|
|a text
|b txt
|2 rdacontent
|
| 337 |
|
|
|a computer
|b c
|2 rdamedia
|
| 338 |
|
|
|a online resource
|b cr
|2 rdacarrier
|
| 347 |
|
|
|a data file
|2 rda
|
| 588 |
0 |
|
|a Print version record.
|
| 520 |
|
|
|a This clear and self-contained review of the last four decades of research highlights in the hot field of nonlinear optical (NLO) crystals, particularly of borate-based ultraviolet and deep-ultraviolet NLO crystals, covers three major subjects: the structure-property relationship in borate crystals, the structural and optical characteristics of various promising borate crystals, and their fruitful applications in a wide range of scientific and technological fields.
|
| 504 |
|
|
|a Includes bibliographical references and index.
|
| 505 |
0 |
|
|a Theoretical Basis for the Development of Borate Nonlinear Optical Crystals -- Borate Nonlinear Optical Crystals for Frequency Conversion -- Other Borate Crystals -- Applications.
|
| 650 |
|
0 |
|a Crystal optics.
|
| 650 |
|
0 |
|a Borate crystals
|x Optical properties.
|
| 650 |
|
0 |
|a Nonlinear optics.
|
| 650 |
|
7 |
|a SCIENCE
|x Physics
|x Crystallography.
|2 bisacsh
|
| 655 |
|
4 |
|a Electronic books.
|
| 655 |
|
7 |
|a Electronic books.
|2 local
|
| 700 |
1 |
|
|a Chen, Chuangtian,
|d 1937-
|
| 776 |
0 |
8 |
|i Print version:
|z 9783527410095
|
| 856 |
4 |
0 |
|u https://doi.org/10.1002/9783527646388
|z Full Text via HEAL-Link
|
| 994 |
|
|
|a 92
|b DG1
|